群友自发图寻 #1 - Statistics

General Stats
  • This quiz has been taken 13 times
  • The average score is 10 of 19
Answer Stats
Picture Answer % Correct
湖州
92%
大连
83%
青岛
75%
福州
75%
重庆
75%
大同
67%
北海
58%
杭州
58%
齐齐哈尔
58%
韶关
50%
西安
50%
大连
42%
东莞/深圳
42%
哈尔滨
33%
防城港
33%
上海
33%
澳门
33%
呼伦贝尔
25%
芜湖
25%
No matching quizzes found
Score Distribution
Percent of People with Each Score
Percentile by Number Answered
Your Score History
You have not taken this quiz